01270cam a22002652 450000100060000000300080000600500170001400800410003103500510007204000320012304100080015508200230016324502520018626000400043830000310047850400370050965000480054670000440059470000270063870000300066594200120069599900170070795201410072495201390086530175BD-RjUL20211209051526.0140409s1960 ilua b 001 0 eng d aOCLC ocm00189996 from D970927Ma(BD-RjUL)30260 aDLCcWSUdSERdBD-RjULbeng aeng a150.151bDEV 196010aDevelopments in mathematical psychology : information, learning, and tracking ;bA study of the Behavioral Models Project, Bureau of Applied Social Research, Columbia University /cEdited by R. Duncan Luce, Robert R. Bush [and] J.C.R. Licklider. aGlencoe, Ill. :bFree Press,c1960. a294 p. :billus. ;c26 cm. aIncludes bibliography and index. 0aHuman behaviorxMathematical models.991754 aLuce, R. Duncanq(Robert Duncan)922143 a Robert R. Bush991755 a J.C.R. Licklider.991756 2ddccBK c30175d30175 00102ddc40708NFICaRUCLbRUCLcStackd1965-01-26eZeitlingerg60.00l0o150.151 DEV 1960r2014-04-09 00:00:00tC-2w2014-04-09yBK 00102ddc40708NFICaRUCLbRUCLcStackd1964-07-10eZitlingerg60.00l0o150.151 DEV 1960r2014-04-10 00:00:00tC-1w2014-04-10yBK